| 000 | 02273nam a2200481Ki 4500 | ||
|---|---|---|---|
| 001 | PE-LiUPU | ||
| 003 | PE-LiUPU | ||
| 005 | 20250731173601.0 | ||
| 008 | 210715s2020 mdu b 000 0 eng d | ||
| 020 | _a9780925675378 | ||
| 020 | _a0925675377 | ||
| 035 | _a(OCoLC)1260257212 | ||
| 040 |
_aPE-LiUPU _beng _erda _cPE-LiUPU |
||
| 049 |
_aEXNS _aEXNa |
||
| 082 |
_223 _a220.6 _bB582 |
||
| 090 |
_aBS476 _b.B533 2020 |
||
| 245 | 0 | 0 |
_aBiblical hermeneutics : _bAn Adventist approach / _cFrank M. Hasel, editor. |
| 264 | 4 |
_aSilver Spring, MD : _bBiblical Research Institute, _c©2020. |
|
| 300 |
_axvi, 488 páginas ; _c23 centímetros. |
||
| 336 |
_atext _btxt _2rdacontent. |
||
| 337 |
_aunmediated _bn _2rdamedia. |
||
| 338 |
_avolume _bnc _2rdacarrier. |
||
| 500 | _aInclude contents: Contributors and Abbreviation at starting the book. | ||
| 504 | _aIncluye referencias bibliográficas. | ||
| 505 | _aPresuppositions in Hermeneutics -- Elements of Biblical Hermeneutics in Harmony with Scripture´s Self-Claims -- Variants, Versions, and the Trustworthiness of Scripture -- History, the Bible, and Hermeneutics-- Culture, Hermeneutics, and Scripture: Discerning What is Universal-- Faith, Science and the Bible-- Principles of Biblical Interpretation -- Inner-Biblical Hermneutics: The Use of Scripture by Bible Writers -- Understanding Biblical Apocalyptic -- Conditional Prophecies About Israel: Some Hermeneutical Considerations -- The Genesis Account as a Test Case for Biblical Hermenutics-- A Survey of Seventh- day Adventist Presupositions, Perceptions, and Methods of Biblical Interpretation (1845- 1910) -- The Prophetic Gift and Sola Scriptura -- Recent Trends in Methods of Biblical Interpretation | ||
| 526 | _aSEG42 | ||
| 526 | _aSEG41 | ||
| 526 | _aSEG40 | ||
| 526 | _aSEG39 | ||
| 526 | _aP94 | ||
| 526 | _aP87 | ||
| 526 | _aP86 | ||
| 526 | _aP85 | ||
| 526 | _aP77 | ||
| 526 | _aP76 | ||
| 526 | _aP35 | ||
| 630 | 2 | 4 |
_aBiblia. _xCrítica, interpretación, etc. _91750 |
| 650 | 1 | 4 |
_aHermenéutica _9310 |
| 700 | 1 |
_aHasel, Frank H. _eeditor. |
|
| 830 | 0 |
_aBiblical Research Institute Studies ; _vv.3. |
|
| 942 |
_2ddc _cBK _n0 |
||
| 980 |
_618228 _aChristian Lazo Analista Documental _81 _gALBERTO SANCHEZ Responsable de Automatización |
||
| 999 |
_c62463 _d62462 |
||